| 000 | 00605nam a2200193 i 4500 | ||
|---|---|---|---|
| 001 | 128308 | ||
| 003 | ES-MaACL | ||
| 005 | 20230906193229.0 | ||
| 007 | t| | ||
| 008 | 070629s1965 xxu ||||1| eng d | ||
| 080 | _a7(450) | ||
| 245 | 0 | 0 |
_aThe book of art _b: a pictorial encyclopedia of painting, drawing, and sculpture. |
| 260 |
_aNew York : _bGrolier, _c1965. |
||
| 300 |
_a415 p. : _bil. ; _c25 cm. |
||
| 500 | _aBiblioteca Jacinto MartÃnez Lacalle. | ||
| 505 | 8 | _aContiene: vol. 2: Italian art to 1850 | |
| 650 | 0 | 4 |
_aArte italiano- _vHistoria. _910233 |
| 852 |
_aES-MaACL _jE-11784 _bR.139905 |
||
| 999 |
_c128308 _d128308 |
||